| 000 | 00533nab a2200193 a 4500 | ||
|---|---|---|---|
| 005 | 20210223130334.0 | ||
| 008 | 991125s1985 mx 000 0 spa u | ||
| 035 | _aUPN01000153333 | ||
| 100 | 1 |
_aCañal de León, Pedro _933038 |
|
| 222 | _aINVESTIGACION EN LA ESCUELA | ||
| 245 | _aLas actividades de enseñanza : un esquema de clasificación | ||
| 260 | _aSevilla, España | ||
| 300 | _a5-21 | ||
| 362 | 0 | _a2000 No. 4 | |
| 653 | 0 | _aACTIVIDADES ESCOLARES | |
| 653 | 0 | _aENSEÑANZA | |
| 653 | 0 | _aCIENCIAS | |
| 905 | _aArticulo | ||
| 999 |
_c125454 _d125454 |
||